Don Quijote / (Registro nro. 9393)
[ vista simple ]
| 000 -LIDER | |
|---|---|
| fixed length control field | 00912nam a22002777a 4500 |
| 003 - IDENTIFICACDOR DE NÚMERO DE CONTROL | |
| control field | DO-SdBNP |
| 005 - DATE AND TIME OF LATEST TRANSACTION | |
| control field | 20220712094536.0 |
| 008 - ELEMENTOS DE LONGITUD FIJA | |
| fixed length control field | 160328b 2004 sp || 00| 0 spa d |
| 020 ## - ISBN | |
| International Standard Book Number | 9788431676377 |
| 040 ## - FUENTE DE CATALOGACIÓN | |
| Agencia que crea de manera original el registro | BPMSU |
| Idioma de catalogación | spa |
| Agencia que realiza la transcripción | BPMSU |
| 082 ## - NÚMERO DE CLASIFICACIÓN DECIMAL DE DEWEY | |
| Classification number | 863.3 |
| Item number | S194d 2004 |
| Edition number | 22 |
| 100 1# - ASIENTO PRINCIPAL -- NOMBRE PERSONAL | |
| Nombre personal | Sánchez, Agustín |
| 245 10 - MENCIÓN DE TITULO | |
| Título | Don Quijote / |
| Mención de responsabilidad | Miguel de Cervantes, adaptación de Agustín Sánchez : ilustraciones de Svetlin |
| 260 ## - PUBLICACIÓN, DISTRIBUCIÓN, ETC. (PIE DE IMPRENTA) | |
| Lugar de publicación, distribución, etc | Barcelona : |
| Nombre del editor, distribuidor, etc. | Vicens Vives, |
| Fecha de publicación, distribución, etc | 2004 |
| 300 ## - DESCRIPCIÓN FÍSICA | |
| Extensión | 159 p. : |
| Otros detalles físicos | il. ; |
| Dimensiones | 23 cm |
| 490 0# - MENCIÓN DE SERIES | |
| Materiales especificados | Vicens vives |
| 590 ## - NOTA LOCAL | |
| Enlace | Inventariado, 2022/VM |
| 600 14 - ENCABEZAMIENTO DE MATERIA--NOMBRE PERSONAL | |
| Nombre personal | Cervantes Saavedra, Miguel de |
| Fechas asociadas con el nombre | 1547-1616 |
| Título de una obra | Don Quijote de la Mancha |
| 650 #4 - ENCABEZAMIENTO DE MATERIA--TEMÁTICO | |
| Término temático o nombre geográfico como elemento de entrada | Novela española |
| 650 #4 - ENCABEZAMIENTO DE MATERIA--TEMÁTICO | |
| Término temático o nombre geográfico como elemento de entrada | Novela de aventuras |
| 650 #4 - ENCABEZAMIENTO DE MATERIA--TEMÁTICO | |
| Término temático o nombre geográfico como elemento de entrada | Literatura española |
| 700 1# - ASIENTO SECUNDARIO -- NOMBRE PERSONAL | |
| Nombre personal | Cervantes, Miguel de |
| Fechas asociadas con el nombre | 1547-1616 |
| Título de una obra | Don Quijote |
| Mención de responsabilidad | |
| 700 1# - ASIENTO SECUNDARIO -- NOMBRE PERSONAL | |
| Nombre personal | Svetlin |
| Mención de responsabilidad | ilustraciones |
| 910 ## - VALIDACIÓN | |
| Validación | DGarcía/VMateo V. |
| 942 ## - ADDED ENTRY ELEMENTS (KOHA) | |
| Source of classification or shelving scheme | Dewey Decimal Classification |
| Koha item type | Libros |
| Withdrawn status | Lost status | Source of classification or shelving scheme | Damaged status | Not for loan | Collection code | Home library | Current library | Date acquired | Source of acquisition | Full call number | Barcode | Date last seen | Price effective from | Koha item type |
|---|---|---|---|---|---|---|---|---|---|---|---|---|---|---|
| Dewey Decimal Classification | Colección Juvenil General | Biblioteca Pública Metropolitana Salomé Ureña | Biblioteca Pública Metropolitana Salomé Ureña | 01/25/2018 | FUNDI | BPMSU CG 863.3 S194d 2004 | BPMSU18010057 | 01/25/2018 | 01/25/2018 | Libros |